000 00362 a2200169 4500
001 72370
020 _a8526241532
040 _cAnchieta - Colégio São Paulo
100 _aPalottini, Renata
240 1 0 _aA Moreninha
_lpor
245 1 0 _aA Moreninha
300 _a95
362 0 _a2001
440 1 _aScipione
650 4 _aFicção brasileira
942 _cBK
999 _c72370
_d72370